000 01259nam a2200313 a 4500
001 BRL_1381
005 20190320211157.0
008 090114s1989----u--ao#####---#000-0#eng-#
020 _a0936127015
041 _aeng
044 _au
050 4 _aGT639
_b.B58 1989
100 1 _aBlum Schevill, Margot
_926598
245 1 0 _aEvolution in textile design from the highlands of Guatemala
_bseventeen male tzutes, or headdresses, from Chichicastenango in the collections of the Lowie Museum of Antropology University of California, Berkeley
_cby Margot Blum Schevill ; drawings by Carolyn Shapiro.
260 _aBerkeley, California
_bLowie Museum of Anthropology
_c1989
300 _aiv, 79 p.
_bil., mapas
_c28 cm.
440 0 _aThe Occasional papers
_v1
_926703
500 _aAu1632
500 _aIncluye dedicatoria a Ruth Lechuga
502 _aBibliografía: p. 76-78
650 1 4 _aIndumentaria
_xHistoria
_zGuatemala
_926704
650 1 4 _aPrendas de vestir
_xHistoria
_zGuatemala
_926705
650 1 4 _aDiseño textil
_xHistoria
_zGuatemala
_926706
650 1 4 _aMayas
_xRopa - Historia
_926707
650 1 4 _aIndígenas de América Central
_xRopa - Historia
_zGuatemala
_926708
700 1 _aShapiro, Carolyn
_eil.
_926709
902 _aGRL
942 _2lcc
_cB
999 _c10192
_d10192